Responses for show #1210 - Friday, December 1, 1989

Contestants

[<< previous game]

Sam Longoria, an engineer and consultant originally from Enumclaw, Washington

Candy Martinez, a systems consultant from Fremont, California

Jeff Slike, an ATM repairman originally from Harrisburg, Pennsylvania (whose 3-day cash winnings total $31,300)

Jeopardy! Round responses

STARTS WITH "Z"
SPORTS NICKNAMES
NATIONAL ANTHEMS
THE HUMAN BODY
FOOD FACTS
TV GUIDE SAYS
(Alex: We'll give you an episode, you name the series.)
    $100 4
zone

Candy
    $100 1
the New York Yankees

Jeff
    $100 18
"God Save The King"

Jeff
    $100 10
blood

Jeff
    $100 17
shell

Candy
    $100 12
Bewitched

Jeff
    $200 5
Zelig

Sam
    $200 2
"Deacon"

Jeff
    $200 19
Norway

Sam
    $200 25
(Alex: And we have a minute left in the round...)

the skull

Sam
    $200 21
soup

Candy
    $200 13
Cheers

Jeff
    $300 6
zig-zag

Jeff
    $300 3
the Pampas

Sam
    $300 20
(Sam: What is Tibet?)

India

CandySam
    $300 28
muscles

Sam
    $300 22
hard sauce

Candy
    $300 14
Little House on the Prairie

Sam
    $900 8
ZZ Top

Sam
    $400 7
Joe Jackson

Sam
    $400 29
Israel

Sam
    $400 27
(Sam: What is the colon?)

the stomach

CandySam
    $400 23
Bisquick

Sam
    $400 15
Murphy Brown

Triple Stumper
    $500 9
the Zuni

Candy
    $500 11
"Big Daddy"

Jeff
    $500 30
Greece

Candy
    $500 26
a baboon

Sam
    $500 24
cloves

Candy
    $500 16
D.C. Follies

Sam

Scores at the first commercial break (after clue 11):

Jeff Candy Sam
$1,200 $600 $1,800

Scores at the end of the Jeopardy! Round:

Jeff Candy Sam
$1,600 $2,900 $3,900

Double Jeopardy! Round responses

NUMBER, PLEASE
ANCIENT HISTORY
WATERFALLS
ETIQUETTE
MODERN LITERATURE
SAN FRANCISCO MOVIES
    $200 14
(1 of) 7 or 11

Jeff
    $200 6
Alexander the Great

Jeff
    $200 11
Niagara Falls

Jeff
    $200 26
your napkin

Candy
    $200 19
Mother

Candy
    $200 1
Bullitt

Sam
    $400 15
50

Candy
    $400 7
Masada

Candy
    $400 12
Snake River

Jeff
    $400 27
(Candy: Who is the gentleman?)
(Sam: Who is the lady?)

the person doing the rowing

CandySam
Triple Stumper
    $400 22
(Candy: What is Me?)

RN

Candy
Triple Stumper
    $400 2
The Birdman of Alcatraz

Jeff
    $600 16
444

Triple Stumper
    $600 10
Sicily

Candy
    $600 13
Victoria Falls

Sam
    $600 28
after the dance is over (or when she gets a new partner)

Candy
    $600 23
The Interpretation of Dreams

Triple Stumper
    $600 3
mirrors

Sam
    $800 17
5

Jeff
    $2,000 9
the Persians

Candy
    $800 20
Wichita Falls

Sam
    $800 24
James Jones

Jeff
    $800 5
Mae West

Sam
    $1000 18
30

Sam
    $1000 8
the Fertile Crescent

Candy
    $1000 21
(Jeff: What is Gitche Gumee?)

Minnehaha Falls

JeffCandy
    $3,600 25
(Alex: A minute left in the round...)

Marcel Proust

Jeff
    $1000 4
Jeanette MacDonald

Triple Stumper

Scores at the end of the Double Jeopardy! Round:

Jeff Candy Sam
$7,200 $8,500 $7,500

[wagering suggestions for these scores]

Final Jeopardy! Round responses

LANGUAGES
[Jeff leaves as a 3-time champion with $31,300.]
JeffWhat is English
$0
SamWhat is FRENCH?
$7,500
CandyWhat is French?
$6,601
French (the Binet-Simon test)

Final scores:

Jeff Candy Sam
$7,200 $15,101 $15,000
3rd place: Wallace Silversmiths 15-piece punch set New champion: $15,101 2nd place: Grandfather clock & lamp

Game dynamics:

Coryat scores:

Jeff Candy Sam
$4,600 $7,300 $7,000
16 R
(including 1 DD),
1 W
18 R
(including 1 DD),
2 W
18 R
(including 1 DD),
3 W

Combined Coryat: $18,900

The J! Archive is created by fans, for fans. The Jeopardy! game show and all elements thereof, including but not limited to copyright and trademark thereto, are the property of Jeopardy Productions, Inc. and are protected under law. This website is not affiliated with, sponsored by, or operated by Jeopardy Productions, Inc. Join the discussion at JBoard.tv.